|
|
|
|
| LEADER |
00000nam0a2200000 4500 |
| 001 |
243054 |
| 005 |
20231101231934.0 |
| 035 |
|
|
|a (RuTPU)RU\TPU\book\264390
|
| 090 |
|
|
|a 243054
|
| 100 |
|
|
|a 20130917d2012 m y0rusy50 ca
|
| 101 |
0 |
|
|a rus
|a eng
|
| 102 |
|
|
|a RU
|
| 105 |
|
|
|a a j 001zy
|
| 200 |
1 |
|
|a Дизайн в рекламе
|d Design in advertising
|e учебное пособие для вузов
|f Г. С. Казанцева, О. С. Ульянова
|g Национальный исследовательский Томский политехнический университет (ТПУ)
|
| 210 |
|
|
|a Томск
|c Изд-во ТПУ
|d 2012
|
| 215 |
|
|
|a 117 с.
|c ил.
|
| 320 |
|
|
|a Библиогр.: с. 117.
|
| 330 |
|
|
|a Пособие содержит 8 разделов, посвященных различным профессионально-ориентированным темам. Каждый раздел состоит из нескольких текстов для чтения, аудиотекстов и комплекса упражнений к ним, направленных на формирование терминологической базы по дисциплине и совершенствование навыков профессионального общения на английском языке. Предназначено для студентов 3 курса гуманитарного факультета, изучающих профессиональный английский язык по специальности 031600 «Реклама и связи с общественностью», а также может быть использовано лицами, самостоятельно работающими над совершенствованием знания профессио-нального английского языка по данной специальности.
|
| 510 |
1 |
|
|a Design in advertising
|z eng
|
| 606 |
1 |
|
|a Английский язык
|x Учебные руководства и пособия
|x Учебные руководства и пособия для высшей школы
|2 stltpush
|3 (RuTPU)RU\TPU\subj\29071
|9 52483
|
| 610 |
1 |
|
|a труды учёных ТПУ
|
| 610 |
1 |
|
|a лексика
|
| 610 |
1 |
|
|a грамматика
|
| 610 |
1 |
|
|a разговорная речь
|
| 610 |
1 |
|
|a реклама
|
| 610 |
1 |
|
|a дизайн
|
| 610 |
1 |
|
|a профессиональный английский язык
|
| 686 |
|
|
|a Ш143.21-923
|v LBC/SL-A
|2 rubbk
|
| 700 |
|
1 |
|a Казанцева
|b Г. С.
|c лингвист
|c доцент Томского политехнического университета
|f 1947-
|g Галина Семёновна
|2 stltpush
|3 (RuTPU)RU\TPU\pers\28437
|
| 701 |
|
1 |
|a Ульянова
|b О. С.
|c лингвист
|c доцент Томского политехнического университета, кандидат исторических наук
|f 1982-
|g Оксана Сергеевна
|2 stltpush
|3 (RuTPU)RU\TPU\pers\26716
|
| 712 |
0 |
2 |
|a Национальный исследовательский Томский политехнический университет (ТПУ)
|c (2009- )
|2 stltpush
|3 (RuTPU)RU\TPU\col\15902
|
| 801 |
|
1 |
|a RU
|b 63413507
|c 20130917
|
| 801 |
|
2 |
|a RU
|b 63413507
|c 20130930
|g RCR
|
| 900 |
|
|
|a Профессиональный английский язык
|
| 942 |
|
|
|c BK
|